000 00819cab a22002055a 4500
001 L141920
008 080115s2008 xxkad f 000 0 eng d
035 _a(Sirsi) u141920
041 0 _aeng
110 2 _aDavis Langdon Mott Green Wall
_94650
245 0 0 _aMaking water work
260 _c2008
490 0 _aBuilding Services Journal
_v30(1) January 2008, 54-56(3)
520 _aLooks at ways to conserve water resources, including reuse opportunities, rainwater harvesting and greywater harvesting. Discusses cost considerations for each method and provides cost breakdowns for rainwater harvesting and greywater harvesting.
590 _aKA
651 4 _aUnited Kingdom
_y
690 _aBUILT ENVIRONMENT-BUILDING COSTS
690 _aENVIRONMENTAL AND LAND CONSULTANCY-WATER RESOURCE MANAGEMENT
942 _n0
999 _c79657
_d79657